| 000 | 00610nam a2200229Ia 4500 | ||
|---|---|---|---|
| 003 | OSt | ||
| 005 | 20250804184000.0 | ||
| 008 | 210423s1996 xx 000 0 und d | ||
| 020 | _a8125006656 | ||
| 040 | _cAL | ||
| 041 | _aEnglish | ||
| 082 |
_a320 _bGUPP |
||
| 100 |
_aDipankar Gupta _9101619 |
||
| 245 |
_aPolitical sociology in india _b: contemporary trends |
||
| 260 |
_aHyderabad _bOrient Longman _c1996 |
||
| 300 |
_av,26 _bPB |
||
| 365 |
_b90 _cINR |
||
| 650 |
_aPolitical Science _9101620 |
||
| 650 |
_aPolitical Science _9101620 |
||
| 906 | _aindia ; Political ; sociology | ||
| 942 |
_2ddc _cBK |
||
| 999 |
_c171784 _d171784 |
||